000 00404nam a2200157Ia 4500
008 221030s9999 xx 000 0 und d
020 _a817758880X
041 _aEnglish
082 _a105.23
_bDun
100 _aM. H. Dunham
245 0 _aData Mining - Introductory & Advanced Topics
_cby M. H. Dunham
260 _bPearson Education
_aDelhi
_c2006
300 _a315
650 _aComputers
942 _cBK
999 _c2796
_d2796